[Event "Canadian op U1600"]
[Site "Windsor"]
[Date "2016.07.10"]
[Round "1.45"]
[White "Kocela, Manuel"]
[Black "Leaden, Bruce"]
[Result "1/2-1/2"]
[WhiteElo "1389"]
[BlackElo "1509"]
[PlyCount "97"]
[EventDate "2016.07.10"]
[EventType "swiss"]
[EventRounds "9"]
[EventCountry "CAN"]
[SourceTitle "EXT 2022"]
[Source "ChessBase"]
[SourceDate "2021.10.06"]
[SourceVersion "1"]
[SourceVersionDate "2021.10.06"]
[SourceQuality "1"]

1. d4 e6 2. Nf3 d5 3. Bf4 Bd6 4. Bg5 f6 5. Bh4 Ne7 6. e3 0-0 7. Nbd2 c5 8. c3 Bd7 9. Bd3 Be8 10. Bg3 Bg6 11. Be2 cxd4 12. Nxd4 Bf7 13. Nb5 e5 14. Nb3 Nbc6 15. Na3 Bxa3 16. bxa3 Na5 17. 0-0 Rc8 18. Rc1 Nc4 19. Bxc4 dxc4 20. Qxd8 Rfxd8 21. Na1 Nf5 22. Nc2 Nxg3 23. hxg3 a5 24. Rfd1 Rd3 25. Ne1 Rdd8 26. Rb1 Bd5 27. Rb5 Bc6 28. Rxd8+ Rxd8 29. Rxa5 Rd1 30. Kf1 Rc1 31. f4 e4 32. Rc5 Rxc3 33. a4 Bxa4 34. Rc8+ Kf7 35. Rc7+ Kg6 36. Rxb7 Rxe3 37. Rb4 Ra3 38. Kf2 Rxa2+ 39. Kg1 Bb3 40. g4 Ra8 41. Kf2 Rd8 42. Ke3 h5 43. g3 hxg4 44. Ng2 Re8 45. Nh4+ Kf7 46. Nf5 Re6 47. Nd4 Re8 48. Nf5 Re6 49. Nd4 1/2-1/2

[Event "Winnipeg Boardman Memorial"]
[Site "Winnipeg"]
[Date "2016.04.19"]
[Round "3"]
[White "Marshall, Ken"]
[Black "Leaden, Bruce"]
[Result "1/2-1/2"]
[WhiteElo "1324"]
[BlackElo "1532"]
[PlyCount "89"]
[EventDate "2016.04.05"]
[EventType "swiss"]
[EventRounds "4"]
[EventCountry "CAN"]
[SourceTitle "EXT 2022"]
[Source "ChessBase"]
[SourceDate "2021.10.06"]
[SourceVersion "1"]
[SourceVersionDate "2021.10.06"]
[SourceQuality "1"]

1. e4 e6 2. d4 d5 3. e5 c5 4. Nf3 Nc6 5. Bb5 Bd7 6. c4 a6 7. Ba4 dxc4 8. d5 exd5 9. Qxd5 Nge7 10. Qxc4 b5 11. Bxb5 axb5 12. Qxb5 Nd4 13. Qxc5 Nxf3+ 14. gxf3 Qa5+ 15. Qxa5 Rxa5 16. Nc3 Rxe5+ 17. Ne4 Nd5 18. 0-0 Be7 19. a4 0-0 20. b3 Nf6 21. Re1 Nxe4 22. fxe4 Bc5 23. Bf4 Re6 24. Rac1 Rg6+ 25. Bg3 Bb4 26. Red1 Be6 27. Rd4 Be7 28. b4 Bb3 29. b5 Ra8 30. Ra1 Bf6 31. Rb4 Bxa1 32. Rxb3 Rxa4 33. b6 Rxg3+ 34. hxg3 Be5 35. b7 g6 36. b8Q+ Bxb8 37. Rxb8+ Kg7 38. Re8 g5 39. e5 h5 40. Re7 Re4 41. f3 Re2 42. Kf1 Ra2 43. e6 Kf6 44. Rxf7+ Kxe6 45. Rh7 1/2-1/2

[Event "Winnipeg TNT February op"]
[Site "Winnipeg"]
[Date "2016.02.23"]
[Round "4.4"]
[White "Leaden, Bruce"]
[Black "Magyar, Peter"]
[Result "1-0"]
[WhiteElo "1567"]
[BlackElo "1530"]
[PlyCount "69"]
[EventDate "2016.02.02"]
[EventType "swiss"]
[EventRounds "4"]
[EventCountry "CAN"]
[SourceTitle "EXT 2022"]
[Source "ChessBase"]
[SourceDate "2021.10.06"]
[SourceVersion "1"]
[SourceVersionDate "2021.10.06"]
[SourceQuality "1"]

1. e4 e6 2. d4 d5 3. e5 c5 4. c3 Nc6 5. Nf3 cxd4 6. cxd4 Qa5+ 7. Bd2 Bb4 8. Bxb4 Qxb4+ 9. Qd2 Qxd2+ 10. Nbxd2 Nh6 11. Rc1 Nf5 12. Nb3 0-0 13. Be2 f6 14. Bb5 Nce7 15. 0-0 b6 16. Rc7 h6 17. g4 a6 18. Bd3 fxe5 19. gxf5 e4 20. Rxe7 exd3 21. Ne5 Rxf5 22. Rc1 a5 23. Rcc7 Rg5+ 24. Kf1 d2 25. Nxd2 Ba6+ 26. Ke1 Rg1+ 27. Nf1 Rxf1+ 28. Kd2 Rxf2+ 29. Kc3 Rg2 30. Nd7 Rxh2 31. Nf6+ Kh8 32. Rxg7 Rh3+ 33. Kd2 Bd3 34. Rh7+ Bxh7 35. Rxh7# 1-0

[Event "Winnipeg TNT February op"]
[Site "Winnipeg"]
[Date "2016.02.16"]
[Round "3.4"]
[White "Leaden, Bruce"]
[Black "Le Dorze, Philippe"]
[Result "0-1"]
[WhiteElo "1545"]
[BlackElo "1849"]
[PlyCount "132"]
[EventDate "2016.02.02"]
[EventType "swiss"]
[EventRounds "4"]
[EventCountry "CAN"]
[SourceTitle "EXT 2022"]
[Source "ChessBase"]
[SourceDate "2021.10.06"]
[SourceVersion "1"]
[SourceVersionDate "2021.10.06"]
[SourceQuality "1"]

1. e4 e5 2. Nf3 d6 3. Nc3 Nf6 4. Be2 g6 5. d3 Bg7 6. Bg5 0-0 7. Qd2 Kh8 8. 0-0-0 Nbd7 9. Rdg1 c6 10. h3 b5 11. d4 b4 12. Na4 Qa5 13. b3 Nxe4 14. Qe3 Nxg5 15. Qxg5 f6 16. Qd2 Nb6 17. Nxb6 axb6 18. a4 bxa3 19. Qxa5 Rxa5 20. Kb1 a2+ 21. Ka1 exd4 22. Bd3 c5 23. Nd2 d5 24. Kb2 Be6 25. Ra1 Rfa8 26. Rhe1 Bg8 27. Re7 f5 28. Rxg7 Kxg7 29. f4 b5 30. b4 c4 31. bxa5 c3+ 32. Kc1 cxd2+ 33. Kxd2 Rxa5 34. Kc1 Be6 35. Kb2 Bd7 36. Rxa2 Rxa2+ 37. Kxa2 Kf6 38. Ka3 g5 39. g3 gxf4 40. gxf4 Kg6 41. Be2 Kf6 42. Kb4 Ke7 43. Kc5 Ke6 44. Bd3 Be8 45. Kxd4 Kd6 46. Bxf5 h6 47. Bd3 b4 48. f5 Bd7 49. h4 Be8 50. Be2 Bf7 51. Bb5 Bh5 52. Bf1 Bf3 53. Bh3 Be4 54. f6 Bxc2 55. f7 Ke7 56. Be6 Be4 57. f8Q+ Kxf8 58. Bd7 Ke7 59. Ba4 Kf6 60. Bd1 Kf5 61. h5 Kf4 62. Kc5 Bf3 63. Bb3 Kg5 64. Kxb4 Kxh5 65. Kc3 Kh4 66. Kd2 Kg3 0-1

[Event "Winnipeg TNT January op"]
[Site "Winnipeg"]
[Date "2016.01.26"]
[Round "4.4"]
[White "Leaden, Bruce"]
[Black "Green, Jim"]
[Result "0-1"]
[WhiteElo "1866"]
[BlackElo "1536"]
[PlyCount "85"]
[EventDate "2016.01.05"]
[EventType "swiss"]
[EventRounds "4"]
[EventCountry "CAN"]
[SourceTitle "EXT 2022"]
[Source "ChessBase"]
[SourceDate "2021.10.06"]
[SourceVersion "1"]
[SourceVersionDate "2021.10.06"]
[SourceQuality "1"]

1. e4 e5 2. Nf3 Nf6 3. Nc3 Nc6 4. Bc4 Nxe4 5. Bxf7+ Kxf7 6. Nxe4 d5 7. Nc3 Be7 8. Nxe5+ Nxe5 9. Qh5+ Ng6 10. Qxd5+ Qxd5 11. Nxd5 Bd6 12. 0-0 Re8 13. d4 Be6 14. Ne3 Nf4 15. Re1 Nd5 16. c3 Nxe3 17. Bxe3 Bd5 18. b3 b5 19. Re2 Re6 20. Ree1 Rae8 21. Bd2 Re2 22. Be3 Rc2 23. Rec1 Rxc1+ 24. Rxc1 Ba3 25. Rc2 c6 26. Re2 Bd6 27. Re1 Re6 28. Bd2 Rg6 29. g3 Re6 30. Rxe6 Kxe6 31. h3 Kf5 32. Kf1 Ke4 33. Ke2 Be6 34. f3+ Kd5 35. g4 c5 36. dxc5 Bxc5 37. b4 Bb6 38. Kf1 Kc4 39. Ke2 a5 40. a3 Bd5 41. Be3 Bxe3 42. Kxe3 axb4 43. axb4 0-1

[Event "Winnipeg TNT January op"]
[Site "Winnipeg"]
[Date "2016.01.19"]
[Round "3.4"]
[White "Skop, Mike"]
[Black "Leaden, Bruce"]
[Result "0-1"]
[WhiteElo "1625"]
[BlackElo "1536"]
[PlyCount "38"]
[EventDate "2016.01.05"]
[EventType "swiss"]
[EventRounds "4"]
[EventCountry "CAN"]
[SourceTitle "EXT 2022"]
[Source "ChessBase"]
[SourceDate "2021.10.06"]
[SourceVersion "1"]
[SourceVersionDate "2021.10.06"]
[SourceQuality "1"]

1. e4 e6 2. Bc4 d5 3. Bb3 dxe4 4. f3 exf3 5. Nxf3 Nf6 6. d4 Be7 7. 0-0 Nc6 8. c3 0-0 9. Qe1 b6 10. Ng5 Na5 11. Bc2 g6 12. Qh4 h5 13. Nxf7 Rxf7 14. Bxg6 Rg7 15. Rxf6 Bxf6 16. Qxh5 Qd5 17. Bh7+ Rxh7 18. Qg6+ Rg7 19. Qe8+ Kh7 0-1

[Event "Winnipeg Mundwiler Memorial"]
[Site "Winnipeg"]
[Date "2015.10.27"]
[Round "4"]
[White "Leaden, Bruce"]
[Black "Roy, Rayan"]
[Result "1/2-1/2"]
[WhiteElo "1523"]
[BlackElo "1589"]
[PlyCount "82"]
[EventDate "2015.10.06"]
[EventType "swiss"]
[EventRounds "4"]
[EventCountry "CAN"]
[SourceTitle "EXT 2022"]
[Source "ChessBase"]
[SourceDate "2021.10.06"]
[SourceVersion "1"]
[SourceVersionDate "2021.10.06"]
[SourceQuality "1"]

1. e4 c5 2. Nc3 Nc6 3. f4 e6 4. Nf3 d5 5. Bb5 d4 6. Bxc6+ bxc6 7. Nb1 Be7 8. d3 Nh6 9. Nbd2 0-0 10. Nc4 Ba6 11. Nfe5 Bxc4 12. Nxc4 f6 13. Bd2 Qc7 14. 0-0 Rab8 15. f5 e5 16. Bxh6 gxh6 17. Qh5 Kg7 18. Rf3 Rg8 19. Rg3+ Kh8 20. Rxg8+ Rxg8 21. Qxh6 Bd8 22. Rf1 Qg7 23. Qxg7+ Rxg7 24. h3 Kg8 25. b3 Bc7 26. Kh2 Bb6 27. Rf3 Rd7 28. Rg3+ Kf7 29. h4 Bd8 30. h5 Be7 31. Rh3 a6 32. g4 h6 33. Rg3 Ra7 34. Nd2 Kg7 35. Rg1 a5 36. a4 Bd8 37. Rc1 Rc7 38. Nc4 Rb7 39. Nd6 Rd7 40. Nc4 Rb7 41. Nd6 Rd7 1/2-1/2